[Event "Muensterland Verbandsklasse-B 0708"]
[Site "Germany"]
[Date "2007.09.15"]
[Round "1.6"]
[White "Schoebel, Elmar"]
[Black "Janning, Rainer"]
[Result "1/2-1/2"]
[WhiteElo "1703"]
[BlackElo "1892"]
[PlyCount "50"]
[EventDate "2007.09.15"]
[EventType "team"]
[EventRounds "9"]
[EventCountry "GER"]
[SourceTitle "EXT 2009"]
[Source "ChessBase"]
[SourceDate "2008.11.26"]
[SourceVersion "1"]
[SourceVersionDate "2008.11.26"]
[SourceQuality "1"]
[WhiteTeam "Metelen"]
[BlackTeam "Steinfurt"]
[WhiteTeamCountry "GER"]
[BlackTeamCountry "GER"]

1. c4 Nf6 2. Nc3 e6 3. g3 d5 4. Bg2 c6 5. d3 Nbd7 6. Nf3 Bb4 7. Bd2 0-0 8. a3 Be7 9. b4 a6 10. 0-0 Re8 11. Qb3 Bf8 12. a4 Qb6 13. b5 d4 14. a5 Qc5 15. Na4 Qd6 16. bxc6 bxc6 17. c5 Nxc5 18. Nxc5 Qxc5 19. Rfc1 Qd6 20. Nxd4 Rb8 21. Qc4 c5 22. Nc6 Rb5 23. Na7 Rb8 24. Nc6 Rb5 25. Na7 Rb8 1/2-1/2

[Event "Muensterland Verbandsklasse-A 0607"]
[Site "Germany"]
[Date "2006.12.09"]
[Round "4.6"]
[White "Bienhuels, Michael"]
[Black "Schoebel, Elmar"]
[Result "0-1"]
[WhiteElo "1790"]
[BlackElo "1681"]
[PlyCount "58"]
[EventDate "2006.09.23"]
[EventType "team"]
[EventRounds "9"]
[EventCountry "GER"]
[SourceTitle "EXT 2008"]
[Source "ChessBase"]
[SourceDate "2007.11.25"]
[SourceVersion "1"]
[SourceVersionDate "2007.11.25"]
[SourceQuality "1"]
[WhiteTeam "Duelmen"]
[BlackTeam "Metelen"]
[WhiteTeamCountry "GER"]
[BlackTeamCountry "GER"]

1. Nf3 Nf6 2. g3 d5 3. Bg2 c6 4. d3 Bf5 5. 0-0 Nbd7 6. Nbd2 e6 7. b3 Bc5 8. Bb2 0-0 9. Nh4 Bg4 10. h3 Bh5 11. d4 Bd6 12. Ndf3 Ne4 13. g4 g5 14. gxh5 gxh4 15. Ne5 f6 16. Nxd7 Qxd7 17. Bxe4 dxe4 18. Qd2 Kh8 19. Kh1 Bc7 20. f4 exf3 21. Rxf3 Qd6 22. e4 Rg8 23. d5 e5 24. Raf1 Rg3 25. Rxf6 Rxh3+ 26. Kg2 Rg3+ 27. Kh2 Qd7 28. R6f5 Qg7 29. h6 Rh3+ 0-1

[Event "Muensterland Verbandsklasse-A 0607"]
[Site "Germany"]
[Date "2006.10.21"]
[Round "2.6"]
[White "Silies, Juergen"]
[Black "Schoebel, Elmar"]
[Result "1-0"]
[WhiteElo "1755"]
[BlackElo "1681"]
[PlyCount "73"]
[EventDate "2006.09.23"]
[EventType "team"]
[EventRounds "9"]
[EventCountry "GER"]
[SourceTitle "EXT 2008"]
[Source "ChessBase"]
[SourceDate "2007.11.25"]
[SourceVersion "1"]
[SourceVersionDate "2007.11.25"]
[SourceQuality "1"]
[WhiteTeam "Ibbenbueren"]
[BlackTeam "Metelen"]
[WhiteTeamCountry "GER"]
[BlackTeamCountry "GER"]

1. f4 Nf6 2. b3 g6 3. Bb2 Bg7 4. e4 0-0 5. d3 d5 6. e5 Ng4 7. Nf3 c5 8. d4 Nc6 9. Qd2 Qb6 10. Nc3 cxd4 11. Nxd5 Qc5 12. Nc7 Rb8 13. Nb5 d3 14. Bxd3 Nb4 15. Bd4 Nxd3+ 16. Qxd3 Qb4+ 17. c3 Qa5 18. Bxa7 Rd8 19. Bd4 Bd7 20. a4 Bc6 21. 0-0 Rd5 22. b4 Qd8 23. Na7 Be8 24. Nb5 Bc6 25. a5 Bxb5 26. c4 Ba6 27. b5 Bxb5 28. cxb5 Qd7 29. Rfb1 Nh6 30. Qe4 Nf5 31. Ba7 Rd8 32. b6 Bf8 33. a6 e6 34. Rc1 Bc5+ 35. Rxc5 Rxc5 36. axb7 Qe8 37. b8Q 1-0

[Event "Muensterland Verbandsklasse-B 0506"]
[Site "Germany"]
[Date "2006.05.06"]
[Round "9.6"]
[White "Musholt, Joachim"]
[Black "Schoebel, Elmar"]
[Result "1-0"]
[WhiteElo "1942"]
[BlackElo "1703"]
[PlyCount "69"]
[EventDate "2005.09.03"]
[EventType "team"]
[EventRounds "9"]
[EventCountry "GER"]
[SourceTitle "EXT 2006"]
[Source "ChessBase"]
[SourceDate "2005.11.24"]
[SourceVersion "1"]
[SourceVersionDate "2005.11.24"]
[SourceQuality "1"]
[WhiteTeam "Suedlohn II"]
[BlackTeam "Metelen"]
[WhiteTeamCountry "GER"]
[BlackTeamCountry "GER"]

1. e4 e5 2. Nf3 Nc6 3. Bb5 a6 4. Ba4 Nf6 5. 0-0 d6 6. Re1 b5 7. Bb3 Be7 8. c3 Na5 9. Bc2 c5 10. a4 Bb7 11. d4 Qc7 12. d5 0-0 13. Nbd2 c4 14. Nf1 Nd7 15. Ng3 Nc5 16. Be3 Nab3 17. Ra3 Rfb8 18. Nd2 Nxa4 19. Nf5 Bc8 20. Bxb3 cxb3 21. Nxe7+ Qxe7 22. Qxb3 Nc5 23. Qc2 Bb7 24. Nf3 h6 25. h3 f5 26. Bxc5 dxc5 27. exf5 Bxd5 28. Rxe5 Qb7 29. Re3 Re8 30. Ne5 Bxg2 31. f4 Rad8 32. Qxg2 Qxg2+ 33. Kxg2 Rd2+ 34. Kf3 g5 35. fxg5 1-0

[Event "Muensterland Verbandsklasse-B 0506"]
[Site "Germany"]
[Date "2005.12.10"]
[Round "4.7"]
[White "Schlattmann, Martin"]
[Black "Schoebel, Elmar"]
[Result "1-0"]
[WhiteElo "1765"]
[BlackElo "1703"]
[PlyCount "63"]
[EventDate "2005.09.03"]
[EventType "team"]
[EventRounds "9"]
[EventCountry "GER"]
[SourceTitle "EXT 2006"]
[Source "ChessBase"]
[SourceDate "2005.11.24"]
[SourceVersion "1"]
[SourceVersionDate "2005.11.24"]
[SourceQuality "1"]
[WhiteTeam "Stadtlohn"]
[BlackTeam "Metelen"]
[WhiteTeamCountry "GER"]
[BlackTeamCountry "GER"]

1. d4 Nf6 2. Nf3 d5 3. c4 c6 4. Nc3 dxc4 5. a4 Bf5 6. e3 e6 7. Bxc4 Bb4 8. 0-0 0-0 9. Qb3 Qe7 10. Nh4 Bg4 11. Bd3 Nd5 12. g3 a5 13. Qc2 h6 14. f3 Bh3 15. Rf2 g5 16. Ng2 Nd7 17. e4 N5f6 18. Na2 c5 19. Nxb4 cxb4 20. Be3 Rac8 21. Qd2 Rc7 22. Bxg5 Bxg2 23. Bh4 Bh3 24. Qxh6 e5 25. dxe5 Qxe5 26. Bxf6 Nxf6 27. Qxh3 Qd4 28. Rd1 Rfc8 29. Qf1 Nd7 30. Bb5 Qb6 31. Bxd7 Rd8 32. Bb5 1-0

[Event "Muensterland Verbandsklasse-B 0506"]
[Site "Germany"]
[Date "2005.11.05"]
[Round "2.6"]
[White "Schoebel, Elmar"]
[Black "Recklingloh, Frank"]
[Result "0-1"]
[WhiteElo "1703"]
[BlackElo "2188"]
[PlyCount "60"]
[EventDate "2005.09.03"]
[EventType "team"]
[EventRounds "9"]
[EventCountry "GER"]
[SourceTitle "EXT 2006"]
[Source "ChessBase"]
[SourceDate "2005.11.24"]
[SourceVersion "1"]
[SourceVersionDate "2005.11.24"]
[SourceQuality "1"]
[WhiteTeam "Metelen"]
[BlackTeam "Muenster III"]
[WhiteTeamCountry "GER"]
[BlackTeamCountry "GER"]

1. c4 g6 2. Nc3 Bg7 3. g3 e5 4. Bg2 Nc6 5. d3 d6 6. Rb1 f5 7. b4 Nf6 8. e3 0-0 9. b5 Ne7 10. Nge2 c6 11. bxc6 bxc6 12. Ba3 Rf7 13. 0-0 d5 14. Qb3 Be6 15. Na4 Nd7 16. Nc5 Nxc5 17. Bxc5 g5 18. Nc3 e4 19. Rfd1 Qa5 20. Bb4 Qc7 21. Bxe7 dxc4 22. dxc4 Qxe7 23. Na4 Be5 24. Qb4 Qxb4 25. Rxb4 a5 26. Rb6 Bxc4 27. Bf1 Bxa2 28. Nc5 Bd5 29. Rdb1 a4 30. Ra6 Rfa7 0-1

[Event "Muensterland Verbandsklasse-B 0304"]
[Site "Germany"]
[Date "2004.01.17"]
[Round "5.7"]
[White "Mummel, Christian"]
[Black "Schoebel, Elmar"]
[Result "1-0"]
[WhiteElo "1654"]
[BlackElo "1717"]
[PlyCount "79"]
[EventDate "2003.09.20"]
[EventType "team"]
[EventRounds "9"]
[EventCountry "GER"]
[SourceTitle "EXT 2005"]
[Source "ChessBase"]
[SourceDate "2004.11.15"]
[SourceVersion "1"]
[SourceVersionDate "2004.11.15"]
[SourceQuality "1"]
[WhiteTeam "Raesfeld Erle"]
[BlackTeam "Metelen"]
[WhiteTeamCountry "GER"]
[BlackTeamCountry "GER"]

1. c4 e5 2. Nc3 Nf6 3. g3 g6 4. Bg2 Bg7 5. d3 d6 6. Nf3 0-0 7. 0-0 c6 8. Rb1 Be6 9. b4 a6 10. a4 Nbd7 11. Bb2 Qc7 12. Ng5 Bg4 13. h3 Be6 14. Nxe6 fxe6 15. Qb3 Nh5 16. Ba3 Rab8 17. Rbc1 Bh6 18. Rc2 Rf7 19. Ne4 Rbf8 20. Bc1 Bxc1 21. Rcxc1 d5 22. Ng5 Rf6 23. cxd5 Qb6 24. dxe6 Kh8 25. Ne4 Nxg3 26. Nxg3 Rxf2 27. Rxf2 Rxf2 28. Kh2 Nf6 29. Qc4 Nd5 30. Qc5 Qxc5 31. bxc5 Kg7 32. Rf1 Rxf1 33. Nxf1 Nf4 34. Ng3 Nxe6 35. Ne4 Nd4 36. Bf3 h6 37. Nd6 Nc2 38. Nxb7 Nb4 39. Na5 Kf6 40. Nxc6 1-0

[Event "Muensterland Verbandsklasse-B 0203"]
[Site "Muensterland"]
[Date "2003.04.05"]
[Round "8.7"]
[White "Janssen, Guido"]
[Black "Schoebel, Elmar"]
[Result "1-0"]
[WhiteElo "1794"]
[BlackElo "1723"]
[PlyCount "53"]
[EventDate "2002.09.28"]
[EventType "team"]
[EventRounds "9"]
[EventCountry "GER"]
[SourceTitle "EXT 2004"]
[Source "ChessBase"]
[SourceDate "2003.11.25"]
[SourceVersion "1"]
[SourceVersionDate "2003.11.25"]
[SourceQuality "1"]
[WhiteTeam "Suedlohn II"]
[BlackTeam "Metelen"]
[WhiteTeamCountry "GER"]
[BlackTeamCountry "GER"]

1. e4 e5 2. Nf3 Nc6 3. d4 exd4 4. Nxd4 Bc5 5. Be3 Bb6 6. g3 Nge7 7. Bg2 d6 8. 0-0 0-0 9. a4 Ne5 10. a5 Bc5 11. c3 a6 12. Nd2 Bg4 13. Qc2 Ba7 14. h3 Bh5 15. f4 c5 16. Nf5 Be2 17. fxe5 Bxf1 18. Rxf1 dxe5 19. Nc4 Nc6 20. Qe2 Nd4 21. cxd4 cxd4 22. Bf2 Rc8 23. Qd3 f6 24. Nfd6 Rc7 25. Kh2 Qd7 26. Qb3 g6 27. Nb6+ 1-0

[Event "Muensterland Verbandsklasse-B 0203"]
[Site "Muensterland"]
[Date "2002.11.23"]
[Round "3.8"]
[White "Fasselt, Hendrik"]
[Black "Schoebel, Elmar"]
[Result "1-0"]
[WhiteElo "1746"]
[BlackElo "1723"]
[PlyCount "125"]
[EventDate "2002.09.28"]
[EventType "team"]
[EventRounds "9"]
[EventCountry "GER"]
[SourceTitle "EXT 2004"]
[Source "ChessBase"]
[SourceDate "2003.11.25"]
[SourceVersion "1"]
[SourceVersionDate "2003.11.25"]
[SourceQuality "1"]
[WhiteTeam "Raesfeld Erle"]
[BlackTeam "Metelen"]
[WhiteTeamCountry "GER"]
[BlackTeamCountry "GER"]

1. b3 e5 2. Bb2 Nc6 3. e3 g6 4. Bb5 Bg7 5. f4 Bf6 6. Bxc6 exf4 7. Nc3 Bh4+ 8. Kf1 dxc6 9. exf4 Bf6 10. Nf3 Ne7 11. Qe2 0-0 12. g3 Bg4 13. h3 Nf5 14. Qf2 Bxf3 15. Qxf3 Re8 16. Rh2 Nd4 17. Qd3 Qe7 18. Nd5 cxd5 19. Bxd4 c5 20. Bxf6 Qxf6 21. Rb1 Qe6 22. g4 Qd6 23. Rf2 Re4 24. Qf3 Rae8 25. Kg2 d4 26. Rg1 Qa6 27. f5 g5 28. f6 Re2 29. Rgf1 R8e4 30. Qf5 Re5 31. Qc8+ Re8 32. Qxc5 Rxf2+ 33. Rxf2 Qc6+ 34. Qxc6 bxc6 35. Rf5 h6 36. Kf2 Kh7 37. Ra5 Re6 38. Rxa7 Rxf6+ 39. Ke2 Kg6 40. Rd7 c5 41. Rd5 Rc6 42. Kd3 Kf6 43. Kc4 Re6 44. Kxc5 Re8 45. Kxd4 Re2 46. Kd3 Rh2 47. Rf5+ Kg6 48. Rf3 h5 49. gxh5+ Kxh5 50. a4 f5 51. a5 Rh1 52. b4 Kh4 53. a6 g4 54. hxg4 fxg4 55. Rf7 Ra1 56. Rh7+ Kg5 57. b5 g3 58. Rg7+ Kf4 59. Ke2 Ra4 60. a7 g2 61. b6 Ke5 62. Rxg2 Kd6 63. Rg5 1-0

[Event "Muensterland Verbandsklasse-B 0203"]
[Site "Muensterland"]
[Date "2002.09.28"]
[Round "1.7"]
[White "Bienhuels, Michael"]
[Black "Schoebel, Elmar"]
[Result "1-0"]
[WhiteElo "1931"]
[BlackElo "1723"]
[PlyCount "59"]
[EventDate "2002.09.28"]
[EventType "team"]
[EventRounds "9"]
[EventCountry "GER"]
[SourceTitle "EXT 2004"]
[Source "ChessBase"]
[SourceDate "2003.11.25"]
[SourceVersion "1"]
[SourceVersionDate "2003.11.25"]
[SourceQuality "1"]
[WhiteTeam "Duelmen"]
[BlackTeam "Metelen"]
[WhiteTeamCountry "GER"]
[BlackTeamCountry "GER"]

1. Nf3 d5 2. g3 Nf6 3. Bg2 e6 4. 0-0 Be7 5. b3 0-0 6. Bb2 Ne4 7. d3 Bf6 8. c3 Nd6 9. Qc2 c5 10. e4 Nc6 11. Nbd2 d4 12. cxd4 Nxd4 13. Bxd4 Bxd4 14. Nxd4 cxd4 15. Qc5 Qb6 16. Qxb6 axb6 17. e5 Nb5 18. Nc4 Nc3 19. Nxb6 Ra5 20. f4 Rd8 21. a4 Bd7 22. Bxb7 Rb8 23. Nc4 Ra7 24. Bg2 Rxb3 25. a5 Bb5 26. f5 Ne2+ 27. Kf2 Bxc4 28. dxc4 Rb2 29. Rfb1 Rxb1 30. Rxb1 1-0